Shikshar monobigyan- bhitik adhyayan (Record no. 2224)

MARC details
000 -LEADER
fixed length control field 00484cam a2200181ua 4500
008 - FIXED-LENGTH DATA ELEMENTS--GENERAL INFORMATION
fixed length control field 110806n ii |||gr||||Z||||||asm
040 ## - CATALOGING SOURCE
Transcribing agency MAIN
082 ## - DEWEY DECIMAL CLASSIFICATION NUMBER
Classification number 370.15
100 1# - MAIN ENTRY--PERSONAL NAME
Personal name Baruah, Jatin,
Relator term
245 1# - TITLE STATEMENT
Title Shikshar monobigyan- bhitik adhyayan
Statement of responsibility, etc. by Jatin Baruah
250 ## - EDITION STATEMENT
Edition statement 2nd.
260 ## - PUBLICATION, DISTRIBUTION, ETC.
Place of publication, distribution, etc. Guahati:
Name of publisher, distributor, etc. Arun prakashan,
Date of publication, distribution, etc. 2007.
300 ## - PHYSICAL DESCRIPTION
Extent xiii; 658p:
Other physical details ill;
Dimensions 23cm.
942 ## - ADDED ENTRY ELEMENTS (KOHA)
Koha item type Books
653 ## - INDEX TERM--UNCONTROLLED
Uncontrolled term Education
653 ## - INDEX TERM--UNCONTROLLED
Uncontrolled term Shikshar monobigyan- bhitik adhyayan
Holdings
Withdrawn status Lost status Damaged status Not for loan Home library Current library Shelving location Date acquired Total Checkouts Full call number Barcode Date last seen Copy number Price effective from Koha item type
        Central Library, Naharkatiya College Central Library, Naharkatiya College General Stacks 19/09/2020   370.15 | BAR 18427 19/09/2020 1 19/09/2020 Books

Naharkatiya College © 2020. All rights reserved.

Powered By